00794nam a2200241 a 4500001001300000003000900013005001700022008004100039020000900080082001600089100002300105245005300128260004300181300000900224500003500233505008300268650002100351700002300372902000800395942000700403952012700410999001500537nice12345678IN_TiNIC20260116012836.0050524s1986 dela grp 000 0 eng  ac9500a297.4bJAC1 aJackson, Paul S, J aKhwan-I-pur NematbA Table Laden With Good Thing aDelhibIdarah-I Adabiyat-I Dellic1986 a174p aincludes index and biblioraphy2 aPapers presented to the islamic studies group of american academy of religion. aSufism-Malfoozat1 aJackson, Paul S, J bSRS cBK 001040708StackRoom-aHMIbHMId2011-09-08g95.00l1o297.4 JAC1p014154r2016-08-30s2016-08-11v95.00w2005-05-24yBK c8601d8601